Chile y su desarrollo econm̤ico en el Siglo XX

Detalles Bibliográficos
Autor principal: Haindl R., Erik
Formato: eBook
Lenguaje:español
Publicado: [Chile] : Universidad Andrš Bello, 2008
Materias:
Acceso en línea:Acceso restringido

MARC

LEADER 00000nam a22000007a 4500
005 20111110114927.0
007 cr|||| ||||
008 111110s2008 cl |||||s|||| 00||0 spa d
020 |a 978-956-13-1962-2 
035 |a 5892 
040 |a vLex 
090 |c 2758  |d 2758 
100 1 |a Haindl R., Erik 
245 1 0 |a Chile y su desarrollo econm̤ico en el Siglo XX  |h [Recurso electrn̤ico] /  |c Erik Haindl R.  
256 |a Servicio en ln̕ea 
260 |a [Chile] :  |b Universidad Andrš Bello,   |c 2008 
300 |a 1 recurso electrn̤ico 
506 1 |a Contenido solo disponible en los productos indicados  |d vLex Global  |d vLex Global (Academic Edition, excluding Law Schools)  |d vLex Global (U.S. Academic Edition, Law Schools)  |d vLex Global (U.S. Academic Edition, excluding Law Schools)  |d vLex Global (Academic Edition, Law Schools) 
651 4 |a Chile  |x Condiciones econm̤icas 
740 0 |a vLex Libros (Servicio en ln̕ea) 
856 4 0 |u http://vlex.com/source/5892  |z Acceso restringido 
942 |c BOOK